Statistics for Cops and Robbers

Click here to take the quiz!

General Stats

  • This quiz has been taken 413 times
  • The average score is 10 of 28

Answer Stats

The Robbers Answer % Correct
Pursued by the UntouchablesAl Capone
89%
Male/female bank robbersBonnie and Clyde
77%
Director of the FBI, 1935-1972J. Edgar Hoover
72%
Sonny, Fredo, & Michael's dadVito Corleone
66%
Leader of the UntouchablesEliot Ness
58%
The FBI's first "Public enemy #1"John Dillinger
57%
Represented the law in TombstoneWyatt Earp
57%
Sheriff Pat Garrett's nemesisBilly the Kid
54%
TV mafioso --- and family manTony Soprano
54%
Missouri-based train robberJesse James
45%
Lt. Columbo
39%
The "Dapper Don"John Gotti
37%
San Francisco "dirty" detectiveHarry Callahan
35%
Founder of modern Las VegasBugsy Siegel
31%
Cuban "Scarface"Tony Montana
30%
"Who loves ya, baby?"Lt. Theo Kojak
29%
"Gunsmoke" marshalMatt Dillon
27%
Western marshal with "true grit"Rooster Cogburn
27%
fdfdButch Cassidy
24%
FBI agent who infiltrated the mobDonnie Brasco
22%
Attorney General under Bill ClintonJanet Reno
20%
Notorious crime matriarchMa Barker
20%
"Goodfellas"Henry Hill
17%
LAPD badge number 714Sgt. Joe Friday
15%
Broke the French Connection"Popeye" Doyle
13%
Real-life sheriff of "Walking Tall"Buford Pusser
12%
"Casino" manager and oddsmakerSam Rothstein
7%
Pursuer of the Barrow gangFrank Hamer
2%

Score Distribution

Percentile by Number Answered

Percent of People with Each Score

Your Score History

You have not taken this quiz